Klik op de Nederlandse provincies op de kaart - Statistieken

Algemene statistieken
  • Deze quiz is 25 keer genomen
  • De gemiddelde score is 10 van 12
Antwoorden op de kaart
Antwoorden kleurgecodeerd door een groen-rode schaal op de quizkaart volgens % correct hieronder.
 
Antwoordstatistieken
Antwoord % Correct
Groningen
100%
Fryslân
94%
Zeeland
94%
Zuid-Holland
94%
Limburg
89%
Noord-Holland
89%
Gelderland
83%
Utrecht
83%
Flevoland
78%
Noord-Brabant
78%
Overijssel
72%
Drenthe
67%
Geen overeenkomende quizzen gevonden
Scoreverdeling
Procent van Mensen met Elke Score
Percentiel versus Aantal Correcte Antwoorden
Uw Scoregeschiedenis
U heeft deze quiz nog niet genomen